01105nac a22002891u 4500003000900000005001700009008004100026020001500067040004300082082001900125100004400144245010000188264004700288300002600335336002600361337002800387338002700415504005200442600003600494650005500530651001000585653002400595655002400619942002300643999001500666952013400681EG-ScBUE20220324100318.0200219s1985 enk f b 001 1 eng d a071020518X aEG-ScBUEbengerdacEG-ScBUEdEG-ScBUE04a843.8bWAL2221 aWalker, Philip D., eauthor.10aZola /cPhilip Walker, professor of French literature, University of California, Santa Barbara. 1aLondon :bRoutledge and Kegan Paul,c1985. ax, 257 pages ;c23 cm 2rdacontentatextbtxt 2rdamediaaunmediatedbn 2rdacarrieravolumebnc aIncludes bibliographical references and index. 17aZola, Emile,d1840-1902.2BUEsh 7aNovelists, Frenchy19th centuryxBiography.2BUEsh 2BUEsh bHHUUEENNcMarch2022 vReading book934232 cBBk843.8 WAL2ddc c9550d9550 00102ddc40708AlahramaMAINbMAINc2NDd2008-05-21ePurchaseo843.8 WALp000011413r2025-07-15 00:00:00v54.30w2008-05-21yBB